| 000 | 00551nam a22001817a 4500 | ||
|---|---|---|---|
| 003 | CEME | ||
| 005 | 20210628203005.0 | ||
| 008 | 210216b xxu||||| |||| 00| 0 eng d | ||
| 020 | _a0-471-13917-3 | ||
| 040 | _c. | ||
| 082 | _a808.066651 TEP | ||
| 100 |
_aTepper, Ron _962752 |
||
| 245 | _aModel letters and memos, a handbook for scientists and engineers | ||
| 260 |
_aNEW YORK _bJOHN WILEY _c1996 |
||
| 300 | _aXVII,236P | ||
| 650 |
_aLETTER WRITING -HANDBOOKS, MANUALS, ETC; TECHNICAL WRITING- HANDBOOKS, MANUALS ETC _962753 |
||
| 942 |
_cBK _2ddc |
||
| 999 |
_c571761 _d571761 |
||